| 000 | 00000nam##2200000za#4500 |
| 001 | 9.700402 |
| 003 | CaOODSP |
| 005 | 20210625000822 |
| 007 | cr ||||||||||| |
| 008 | 150407|1997||||xxc|||||o f|0| 0 eng|d |
| 040 | |aCaOODSP|beng |
| 043 | |an-cn--- |
| 086 | 1 |aCP32-64/8-1997E-PDF |
| 110 | 1 |aCanada. |bCommission of Inquiry into the Deployment of Canadian Forces to Somalia. |
| 245 | 10|aIndependence in the prosecution of offences in the Canadian Forces - military policing and prosecutorial discretion : |h[electronic resource]|ba study prepared for the Commission of Inquiry into the Deployment of Canadian Forces to Somalia / |c[by] James W. O'Reilly and Patrick Healy. |
| 260 | |aOttawa - Ontario : |bCommission of Inquiry into the Deployment of Canadian Forces to Somalia |cc1997. |
| 300 | |a131p. |
| 500 | |a[Digitized, 2014]. The catalogue number (CP32-64/8-1997E) and ISBN (0-660-17080-9) for the print edition have been copied in this electronic publication. |
| 590 | |a15-03-Supp|b2015-03-13 |
| 690 | 07|aArmed forces|2gcpds |
| 690 | 07|aMilitary law|2gcpds |
| 775 | 08|tL'indépendance des poursuites engagées relativement à des infractions commises dans les Forces canadiennes - la police militaire et le pouvoir discrétionnaire de poursuivre : |w(CaOODSP)9.644291 |
| 776 | 0#|tIndependence in the prosecution of offences in the Canadian Forces: military policing and prosecutorial discretion : |w(CaOODSP)9.646641 |
| 856 | 40|ahttp://publications.gc.ca|qPDF|s56.42 MB|uhttps://publications.gc.ca/collections/collection_2015/bcp-pco/CP32-64-8-1997-eng.pdf |